| 000 | 01191nam a2200301Ia 4500 | ||
|---|---|---|---|
| 001 | ebr10279267 | ||
| 003 | CaPaEBR | ||
| 006 | m u | ||
| 007 | cr cn||||||||| | ||
| 008 | 790404s1980 nyub s 000 0 eng d | ||
| 010 | _z 79014476 | ||
| 020 | _z0195025911 | ||
| 020 | _z019502592X (pbk.) | ||
| 020 | _z9780195025927 | ||
| 040 |
_aCaPaEBR _cCaPaEBR |
||
| 035 | _a(OCoLC)252583529 | ||
| 050 | 1 | 4 |
_aE185.92 _b.K466 1980eb |
| 100 | 1 |
_aKennedy, Theodore R., _d1936- |
|
| 245 | 1 | 0 |
_aYou gotta deal with it _h[electronic resource] : _bBlack family relations in a Southern community / _cTheodore R. Kennedy. |
| 260 |
_aNew York : _bOxford University Press, _c1980. |
||
| 300 |
_avi, 215 p. : _bmap. |
||
| 533 |
_aElectronic reproduction. _bPalo Alto, Calif. : _cebrary, _d2009. _nAvailable via World Wide Web. _nAccess may be limited to ebrary affiliated libraries. |
||
| 650 | 0 |
_aAfrican American families _zSouthern States. |
|
| 651 | 0 |
_aSouthern States _xRural conditions. |
|
| 655 | 7 |
_aElectronic books. _2local |
|
| 710 | 2 | _aebrary, Inc. | |
| 856 | 4 | 0 |
_uhttp://site.ebrary.com/lib/rucke/Doc?id=10279267 _zAn electronic book accessible through the World Wide Web; click to view |
| 999 |
_c3830 _d3830 |
||